00924nam a2200181 a 450000100060000000300090000600800410001502000150005604000280007108200180009910000580011724500440017526000520021930000090027150504140028065000310069465000170072520506CO-ViMGA141112s2004 ck r 000 u spa d a8448603605 aCO-ViMGAbspacCO-ViMGA04a616.075 C181p1 aCaravallo Goodman, Catherine; Snyder, Teresa E. Kelly10aPatología medica para fisioterapeutas aMadrid : bMcGraw Hill interAméricana, c2003 a560p aIntroducción a la exploración para el diagnóstico diferencial en fisioterapia 11 - - Introducción al interrogatorio clínico anamnesis 37 - - Panorámica de signos y síntomas cardiovasculares, pulmonares, hematológicos, gastrointestinales, Renales y urológicos, hepáticos, Endocrinos y metabólicos, oncológicos, inmunológicos 88 - - Causas sistemicas del dolor musculoesqueletico 434 14aENFERMEDADES - DIAGNOSTICO14aFISIOTERAPIA